Online Catalogue and eLibrary

Bhava Thanha : (Record no. 3393)

MARC details
000 -LEADER
fixed length control field 00442nam a2200169Ia 4500
005 - DATE AND TIME OF LATEST TRANSACTION
control field 20250124042615.0
008 - FIXED-LENGTH DATA ELEMENTS--GENERAL INFORMATION
fixed length control field 240331s9999 xx 000 0 und d
020 ## - INTERNATIONAL STANDARD BOOK NUMBER
ISBN 9555992371
082 ## - DDC Classification
Item Number - Author Mark ARI
Class No. 920
100 ## - MAIN ENTRY--PERSONAL NAME
Personal name Ariyaratne, A.T
245 #0 - TITLE STATEMENT
Title Bhava Thanha :
Remainder of title an autobiography- Volume 1 (1931-1972)
260 ## - PUBLICATION, DISTRIBUTION, ETC.
Place of publication, distribution, etc. Ratmalana
Name of publisher, distributor, etc. Vishva Lekha
Date of publication, distribution, etc. 2001
300 ## - PHYSICAL DESCRIPTION
Extent (e.g. Volumes, Pages etc.) Xxiii, 495 p .,
650 ## - SUBJECT ADDED ENTRY--TOPICAL TERM
Topical term or geographic name entry element Biography
650 ## - SUBJECT ADDED ENTRY--TOPICAL TERM
Topical term or geographic name entry element Autobiography
942 ## - Koha item type (Biblio)
Koha item type Books in Stacks (Lending)
Holdings
Lost status Damaged status Collection code Home library Current library Shelving location Date acquired Full call number Accession Number Item type
    Lending WERC Library WERC Library Social Science Cupboard 03/31/2024 920 ARI 5572 Books in Stacks (Lending)

© WERC Library